Теории институциональных изменений: учебное пособие

Bibliografische gegevens
Hoofdauteur: Тамбовцев В. Л. Виталий Леонидович
Coauteur: Московский государственный университет им. М. В. Ломоносова (МГУ) Экономический факультет
Samenvatting:В учебном пособии раскрываются методология институциональных изменений, их классификация, теоретические модели (теория индуцированных институциональных изменений, распределительная теория, проблема безбилетника и др.). Особое внимание уделяется механизмам распространения институциональных изменений (режимы функционирования института, политический и институциональный рынки), приведена типология таких механизмов (государственный импорт институтов, естественная диффузия заимствования и др.). Пособие предназначено студентам магистратуры экономических факультетов университетов.
Taal:Russisch
Gepubliceerd in: Москва, Проспект, 2016
Onderwerpen:
Formaat: MixedMaterials Boek
KOHA link:https://koha.lib.tpu.ru/cgi-bin/koha/opac-detail.pl?biblionumber=318674

MARC

LEADER 00000nam0a2200000 4500
001 318674
005 20231102003112.0
010 |a 9785392206391 
035 |a (RuTPU)RU\TPU\book\344175 
035 |a RU\TPU\book\138205 
090 |a 318674 
100 |a 20071219d2016 m y0rusy50 ca 
101 0 |a rus 
102 |a RU 
105 |a y j 001zy 
200 1 |a Теории институциональных изменений  |e учебное пособие  |f В. Л. Тамбовцев  |g Московский государственный университет им. М. В. Ломоносова (МГУ), Экономический факультет 
210 |a Москва  |c Проспект  |d 2016 
215 |a 153 с. 
320 |a Литература: с. 146-151 
330 |a В учебном пособии раскрываются методология институциональных изменений, их классификация, теоретические модели (теория индуцированных институциональных изменений, распределительная теория, проблема безбилетника и др.). Особое внимание уделяется механизмам распространения институциональных изменений (режимы функционирования института, политический и институциональный рынки), приведена типология таких механизмов (государственный импорт институтов, естественная диффузия заимствования и др.). Пособие предназначено студентам магистратуры экономических факультетов университетов. 
606 1 |a Институциональная экономика  |x Теория  |2 stltpush  |3 (RuTPU)RU\TPU\subj\58918  |9 76601 
610 1 |a экономика 
610 1 |a экономическая теория 
610 1 |a институциональные изменения 
610 1 |a методология 
610 1 |a классификации 
610 1 |a распространение 
610 1 |a нормотворчество 
610 1 |a законотворчество 
610 1 |a учебные пособия 
686 |a У011я73  |v LBC/SL-A  |2 rubbk 
700 1 |a Тамбовцев  |b В. Л.  |g Виталий Леонидович 
712 0 2 |a Московский государственный университет им. М. В. Ломоносова (МГУ)  |b Экономический факультет  |2 stltpush  |3 (RuTPU)RU\TPU\col\7 
801 1 |a RU  |b 63413507  |c 20160429 
801 2 |a RU  |b 63413507  |c 20160829  |g RCR 
942 |c BK 
959 |a 32/20160331  |d 1  |e 350,00  |f ЧЗГЛ:1